| 000 | 01674nam a2200289 a 4500 | ||
|---|---|---|---|
| 008 | 060316s1978 ||||||||||||||||| || u | ||
| 020 | _a0070637563 | ||
| 050 | _aTK 7871.85 Nic | ||
| 100 | _aNorris, Bryan | ||
| 245 | 1 | 0 |
_aMicroprocessors and microcomputers and switching mode power supplies _cedited by Bryan Norris |
| 260 |
_aNew York _bMcGraw-Hill _c1978 |
||
| 300 | _a216 p. : ill. | ||
| 350 | _a0.00 | ||
| 490 | _aTexas Instruments electronics series | ||
| 500 | _aIncludes bibliographies and index. | ||
| 650 | _aINTEGRATED CIRCUITS | ||
| 650 | _aSEMICONDUCTORS | ||
| 650 | _aMICROCOMPUTERS | ||
| 650 | _aMICROPROCESSORS | ||
| 650 | _aELECTRONIC APPARATUS AND APPLIANCES--POWER SUPPLY | ||
| 995 |
_aANNEX COLLECTION (Main Library) _D0.00 _e711841 _FCBU-MAIN LIBRARY (Kitwe) _H2 _I10.00 _jTK 7871.85 Mic _UAVAILABLE _y016449 _ZAnnex Low-Usage Collection |
||
| 995 |
_aMAIN LIBRARY OPEN ACCESS _D0.00 _e711839 _FCBU-MAIN LIBRARY (Kitwe) _H4 _I10.00 _jTK 7871.85 Mic _UAVAILABLE _y016454 _ZMain Library Open Access Collection |
||
| 995 |
_aANNEX COLLECTION (Main Library) _D0.00 _e714555 _FCBU-MAIN LIBRARY (Kitwe) _H1 _I10.00 _jTK 7871.85 Mic _UAVAILABLE _y016450 _ZAnnex Low-Usage Collection |
||
| 995 |
_aANNEX COLLECTION (Main Library) _D0.00 _e711842 _FCBU-MAIN LIBRARY (Kitwe) _H3 _I10.00 _jTK 7871.85 Mic _UAVAILABLE _y016452 _ZAnnex Low-Usage Collection |
||
| 995 |
_aANNEX COLLECTION (Main Library) _D0.00 _e711840 _FCBU-MAIN LIBRARY (Kitwe) _H5 _I10.00 _jTK 7871.85 Mic _UAVAILABLE _y016453 _ZAnnex Low-Usage Collection |
||
| 995 |
_aANNEX COLLECTION (Main Library) _D0.00 _e713773 _FCBU-MAIN LIBRARY (Kitwe) _H6 _I10.00 _jTK 7871.85 Mic _UAVAILABLE _y016451 _ZAnnex Low-Usage Collection |
||
| 999 |
_c82928 _d82928 |
||